They Might Be Giants Albums - Statistics

General Stats
  • This quiz has been taken 88 times
    60 since last reset
  • The average score is 14 of 23
Answer Stats
Hint Answer % Correct
1990 Flood
97%
1992 Apollo 18
91%
1988 Lincoln
91%
1986 They Might Be Giants
81%
1994 John Henry
78%
2001 Mink Car
75%
2021 BOOK
72%
2005 Here Come the ABCs
69%
2007 The Else
69%
1996 Factory Showroom
66%
2011 Join Us
63%
2013 Nanobots
63%
2008 Here Come the 123s
59%
2009 Here Comes Science
56%
1999 Long Tall Weekend
53%
2002 No!
53%
2015 Glean
50%
2018 I Like Fun
50%
2016 Phone Power
47%
2004 The Spine
44%
2015 Why?
38%
2018 My Murdered Remains
31%
2018 The Escape Team
25%
No matching quizzes found
Score Distribution
Percent of People with Each Score
Percentile by Number Answered
Your Score History
You have not taken this quiz since the last reset